000
00401nam a22001697a 4500
003
MPLRDC
005
20220104123745.0
008
210129b ||||| |||| 00| 0 eng d
082
_a
415.332 YMH
100
_a
叶铭洪
245
_a
怎样应付高血压
_c
260
_a
_b
万叶出版社
_c
300
_b
平
490
_a
大众保健丛书
650
_a
高血压
942
_c
BK
_o
415.332 YMH
999
_c
13956
_d
13946